000 01560cam a22003494a 4500
001 13130548
003 OSt
005 20241113133619.0
008 030320s2003 ilua b 001 0 eng
010 _a 2003006825
020 _a0830832440 (pbk.)
040 _aDLC
_cDLC
_dDLC
042 _apcc
050 0 0 _aBF637.F67
_bW67 2003
082 0 0 _a158.2
_221
100 1 _aWorthington, Everett L.,
_d1946-
245 1 0 _aForgiving and reconciling :
_bbridges to wholeness and hope /
_cEverett Worthington.
250 _aRev. ed.
260 _aDowners Grove, Ill. :
_bInterVarsity Press,
_cc2003.
300 _a268 p. :
_bill. ;
_c23 cm.
500 _aRev. ed. of: Five steps to forgiveness. c2001.
504 _aIncludes bibliographical references and indexes.
505 0 _aWhy forgive? -- Unforgiveness, justice and forgiveness -- The Christian foundation of forgiving -- R: Recall the hurt -- E: Empathize -- A: Altruistic gift of forgiveness -- C: Commit publicly to forgive -- H: Hold onto forgiveness -- Decisions -- Discussion -- Detoxification -- Devotion.
600 _2Forgiving and Reconciling
_xUSA
650 0 _aForgiveness.
650 0 _aReconciliation.
700 1 _aWorthington, Everett L.,
_d1946-
_tFive steps to forgiveness.
856 4 1 _3Table of contents
_uhttp://www.loc.gov/catdir/toc/ecip041/2003006825.html
906 _a7
_bcbc
_corignew
_d1
_eecip
_f20
_gy-gencatlg
942 _2lcc
_cBK
_n0
999 _c1117
_d1117